[Event "XXVI Torneo B di Capodanno"]
[Site "Reggio nell'Emilia ITA"]
[Date "1983.12.24"]
[Round "1"]
[White "Bukal, Vladimir sr"]
[Black "Rajna, Gyorgy"]
[Result "1-0"]
[WhiteElo "2440"]
[BlackElo "2380"]
[PlyCount "77"]
[EventDate "1983.12.24"]

1. c4 Nf6 2. Nc3 c5 3. Nf3 Nc6 4. e3 e6 5. d4 d5 6. cxd5 exd5 7. Be2 Be7 8. O-O
O-O 9. dxc5 Bxc5 10. b3 Be6 11. Bb2 Qe7 12. Nb5 Ne4 13. a3 Rac8 14. Nbd4 Bb6
15. Nxe6 Qxe6 16. Bd3 Rfe8 17. b4 Rcd8 18. Qc2 Rc8 19. Qb3 Qh6 20. Rfe1 Rcd8
21. Rad1 Nxf2 22. Kxf2 Bxe3+ 23. Kf1 d4 24. Bb5 Re4 25. Bxc6 bxc6 26. Bxd4
Rexd4 27. Rxd4 Bxd4 28. Nxd4 Qxh2 29. Nf3 Qd6 30. Qe3 h6 31. Qxa7 Qd3+ 32. Kg1
Qc3 33. Qe3 Rd3 34. Qe8+ Kh7 35. Qe4+ Kg8 36. a4 Rd5 37. a5 f5 38. Qe8+ Kh7 39.
Ng5+ 1-0

[Event "XXVI Torneo B di Capodanno"]
[Site "Reggio nell'Emilia ITA"]
[Date "1983.12.24"]
[Round "1"]
[White "Gottardi, Gottardo"]
[Black "Martorelli, Antonio"]
[Result "0-1"]
[WhiteElo "2225"]
[BlackElo "2265"]
[PlyCount "141"]
[EventDate "1983.12.24"]

1. d4 Nf6 2. Nf3 g6 3. g3 Bg7 4. Bg2 O-O 5. O-O d6 6. c4 Nbd7 7. Nc3 e5 8. e3
exd4 9. exd4 d5 10. c5 c6 11. b4 Re8 12. Qb3 Nf8 13. b5 Ne4 14. bxc6 bxc6 15.
Be3 Ne6 16. Rac1 Qa5 17. Nxe4 dxe4 18. Ne5 Bxe5 19. dxe5 Ba6 20. Rfd1 Rab8 21.
Qc3 Qa4 22. f4 Bd3 23. g4 Be2 24. Rd6 Bxg4 25. Qc2 Qa3 26. Qxe4 Rb2 27. Qd3
Qxa2 28. Bxc6 Rc8 29. Bd5 Qa5 30. Qc3 Qb5 31. Bc4 Qb8 32. Rd2 Rxd2 33. Qxd2 Rd8
34. Qa5 Nd4 35. Qa2 Nf3+ 36. Kf2 Qc7 37. e6 Qe7 38. exf7+ Kf8 39. c6 Qh4+ 40.
Kf1 Bh3+ 41. Ke2 Ng1+ 42. Rxg1 Bg4+ 43. Rxg4 Qxg4+ 44. Kf2 Qh4+ 45. Kg1 Qg4+
46. Qg2 Rd1+ 47. Bf1 Qf5 48. Qf2 Kxf7 49. Kg2 Qe4+ 50. Qf3 Qxf3+ 51. Kxf3 Rxf1+
52. Ke4 Rb1 53. Bxa7 Ke6 54. c7 Rc1 55. Bb8 Kd7 56. Kf3 Rg1 57. Kf2 Rg4 58. Kf3
Rg1 59. Kf2 Rc1 60. Kg3 Rc2 61. h3 Ke6 62. Kg4 Kf6 63. c8=Q Rxc8 64. Be5+ Ke6
65. Kg5 Rc1 66. h4 Rg1+ 67. Kh6 Kf5 68. Kxh7 Rh1 69. Kg7 Rxh4 70. Bc7 Rh1 71.
Bb8 0-1

[Event "XXVI Torneo B di Capodanno"]
[Site "Reggio nell'Emilia ITA"]
[Date "1983.12.24"]
[Round "1"]
[White "Perenyi, Bela"]
[Black "Koch, Robert"]
[Result "1-0"]
[WhiteElo "2335"]
[BlackElo "2260"]
[PlyCount "43"]
[EventDate "1983.12.24"]

1. e4 c5 2. Nf3 e6 3. d4 cxd4 4. Nxd4 Nf6 5. Nc3 d6 6. Be3 a6 7. g4 h6 8. Qf3
Nbd7 9. Qh3 e5 10. Nf5 g6 11. g5 gxf5 12. exf5 d5 13. gxf6 d4 14. Bc4 Qxf6 15.
Bxd4 exd4 16. Nd5 Qc6 17. O-O-O Bd6 18. Rhe1+ Kf8 19. Qh4 Ne5 20. Qd8+ Kg7 21.
Rg1+ Ng6 22. Rxg6+ 1-0

[Event "XXVI Torneo B di Capodanno"]
[Site "Reggio nell'Emilia ITA"]
[Date "1983.12.24"]
[Round "1"]
[White "Wagman, Stuart"]
[Black "Huss, Andreas"]
[Result "1/2-1/2"]
[WhiteElo "2260"]
[BlackElo "2280"]
[PlyCount "56"]
[EventDate "1983.12.24"]

1. e4 e6 2. d4 d5 3. Nd2 c5 4. Ngf3 Nc6 5. exd5 exd5 6. Bb5 Bd6 7. dxc5 Bxc5 8.
O-O Nge7 9. Nb3 Bd6 10. Re1 O-O 11. Bg5 a6 12. Be2 Bf5 13. Bh4 Qc7 14. c3 Be4
15. Bg3 Rad8 16. Nbd4 Ng6 17. Nxc6 bxc6 18. Bxd6 Rxd6 19. Bxa6 Rf6 20. Re3 Qb6
21. Be2 Qxb2 22. Nd2 Bf5 23. c4 Nf4 24. Bf1 Qb6 25. Nb3 Rd8 26. Qd4 Qb8 27.
cxd5 cxd5 28. Nc5 h6 1/2-1/2

[Event "XXVI Torneo B di Capodanno"]
[Site "Reggio nell'Emilia ITA"]
[Date "1983.12.25"]
[Round "2"]
[White "Bertok, Mario"]
[Black "Berkell, Peder"]
[Result "1/2-1/2"]
[WhiteElo "2390"]
[BlackElo "2330"]
[PlyCount "24"]
[EventDate "1983.12.24"]

1. d4 d5 2. Nf3 c5 3. g3 cxd4 4. Nxd4 e5 5. Nb3 Nc6 6. Bg2 Be6 7. O-O h6 8. f4
exf4 9. Bxf4 Nf6 10. Be3 Be7 11. Nc3 O-O 12. Kh1 Qd7 1/2-1/2

[Event "XXVI Torneo B di Capodanno"]
[Site "Reggio nell'Emilia ITA"]
[Date "1983.12.25"]
[Round "2"]
[White "Koch, Robert"]
[Black "Gottardi, Gottardo"]
[Result "0-1"]
[WhiteElo "2260"]
[BlackElo "2225"]
[PlyCount "109"]
[EventDate "1983.12.24"]

1. d4 Nf6 2. Nf3 d6 3. Bf4 Nbd7 4. h3 c5 5. e3 g6 6. Nbd2 Bg7 7. c3 O-O 8. Bd3
Re8 9. e4 cxd4 10. cxd4 e5 11. dxe5 Nxe5 12. Bb5 Qb6 13. Qe2 Nxf3+ 14. gxf3 Re7
15. Be3 Qa5 16. a3 a6 17. Bd3 Be6 18. Kf1 Rc8 19. Nc4 Qd8 20. Rd1 b5 21. Nd2
Nd7 22. Bg5 f6 23. Be3 Ne5 24. Kg2 Qf8 25. f4 Nxd3 26. Qxd3 d5 27. Rc1 dxe4 28.
Qd6 f5 29. Qxa6 Bxb2 30. Rxc8 Qxc8 31. Qxb5 Bxa3 32. Rb1 Qd7 33. Qa5 Bd6 34.
Qa6 g5 35. Kh1 Bxf4 36. Bxf4 gxf4 37. Rg1+ Rg7 38. Qa8+ Qc8 39. Rxg7+ Kxg7 40.
Qa5 Qc6 41. Qe5+ Kf7 42. Kh2 f3 43. Nf1 Qc1 44. Ne3 Qe1 45. Qc7+ Kf6 46. Qg3
Qd2 47. h4 Qb2 48. Qg5+ Kf7 49. Qg3 Qf6 50. Qc7+ Kg6 51. Qf4 Kh5 52. Kh3 Qg6
53. Kh2 Qg7 54. Qd6 Qf6 55. Kg1 0-1

[Event "XXVI Torneo B di Capodanno"]
[Site "Reggio nell'Emilia ITA"]
[Date "1983.12.25"]
[Round "2"]
[White "Martorelli, Antonio"]
[Black "Bukal, Vladimir sr"]
[Result "0-1"]
[WhiteElo "2265"]
[BlackElo "2440"]
[PlyCount "74"]
[EventDate "1983.12.24"]

1. e4 e6 2. Nf3 d5 3. Nc3 Nf6 4. e5 Nfd7 5. d4 c5 6. dxc5 Bxc5 7. Bd3 Nc6 8.
Bf4 Be7 9. h4 a6 10. h5 d4 11. Ne2 Ndxe5 12. Nexd4 Nxd3+ 13. Qxd3 Nxd4 14. Qxd4
Qxd4 15. Nxd4 f6 16. Be3 e5 17. Nb3 Bf5 18. c3 Rc8 19. a4 Kf7 20. Na5 Rhd8 21.
Rh4 Bd3 22. Nxb7 Rd5 23. Rd1 f5 24. Rh3 e4 25. b4 Rxc3 26. Bc5 Bg5 27. Be3 Bxe3
28. Rxe3 f4 29. Rh3 Rc2 30. Nc5 Re2+ 31. Kf1 Rd2+ 32. Ke1 Rxd1+ 33. Kxd1 f3 34.
Kd2 fxg2 35. Rg3 h6 36. f4 exf3 37. Ke3 Be2 0-1

[Event "XXVI Torneo B di Capodanno"]
[Site "Reggio nell'Emilia ITA"]
[Date "1983.12.25"]
[Round "2"]
[White "Rajna, Gyorgy"]
[Black "Wagman, Stuart"]
[Result "1/2-1/2"]
[WhiteElo "2380"]
[BlackElo "2260"]
[PlyCount "145"]
[EventDate "1983.12.24"]

1. d4 d5 2. c4 e6 3. Nc3 Be7 4. Nf3 Nf6 5. Bg5 h6 6. Bh4 O-O 7. e3 b6 8. Bxf6
Bxf6 9. cxd5 exd5 10. Be2 Bb7 11. O-O Re8 12. Qb3 c6 13. a4 a5 14. Rac1 Nd7 15.
Rfd1 Nf8 16. Bd3 Ne6 17. Bf5 g6 18. Bxe6 Rxe6 19. Ne2 Kg7 20. Nf4 Re7 21. Nd3
Rc8 22. Rc2 Ba6 23. Nf4 Bc4 24. Qa3 Rec7 25. b3 Ba6 26. Rdc1 Be7 27. Qb2 Qd6
28. Ne5 Bf6 29. h3 h5 30. Nf3 Qe7 31. Rb1 Rh8 32. Qc1 Qd6 33. h4 Bc8 34. Nd3
Bf5 35. Qd1 Rhc8 36. Rbc1 c5 37. dxc5 bxc5 38. Rd2 Be4 39. Ng5 Bxg5 40. hxg5
Qe7 41. Nf4 d4 42. exd4 Qxg5 43. g3 h4 44. Qe1 Bf5 45. Qe3 hxg3 46. fxg3 Qe7
47. Qxe7 Rxe7 48. dxc5 Rec7 49. Rd5 Be4 50. Re5 Bc6 51. Rc3 Rb8 52. Re6 Rbc8
53. Rd6 Be4 54. Rd4 Bb7 55. b4 axb4 56. Rxb4 g5 57. Nh5+ Kg6 58. g4 Bd5 59. Rb5
Be6 60. Ng3 Bxg4 61. Ne4 Be6 62. Nd6 Ra8 63. c6 Rxa4 64. Rb7 Rxc6 65. Rxc6 Bd5
66. Rbb6 Bxc6 67. Rxc6 f6 68. Nc4 Ra2 69. Ne5+ Kg7 70. Rc7+ Kh6 71. Ng4+ Kg6
72. Rc6 Kf5 73. Nxf6 1/2-1/2

[Event "XXVI Torneo B di Capodanno"]
[Site "Reggio nell'Emilia ITA"]
[Date "1983.12.26"]
[Round "3"]
[White "Bukal, Vladimir sr"]
[Black "Koch, Robert"]
[Result "1-0"]
[WhiteElo "2440"]
[BlackElo "2260"]
[PlyCount "85"]
[EventDate "1983.12.24"]

1. c4 c5 2. Nc3 Nf6 3. Nf3 e6 4. e3 Nc6 5. d4 d5 6. cxd5 exd5 7. Be2 Bd6 8. Nb5
Be7 9. dxc5 Bxc5 10. O-O a6 11. Nbd4 Qd6 12. a3 O-O 13. b4 Ba7 14. Bb2 Re8 15.
Rc1 Ne4 16. Rc2 Qh6 17. Nxc6 bxc6 18. Ne5 Qg5 19. Nxc6 Nxf2 20. Rxf2 Bxe3 21.
Bf3 Bf5 22. Rce2 Be4 23. Rxe3 Qxe3 24. Bxe4 Qxe4 25. Nd4 Rac8 26. h3 f6 27. Re2
Qg6 28. Kh2 Re4 29. Rf2 Qf7 30. Nf5 Rd8 31. Rd2 Qc7+ 32. g3 Rde8 33. Qf3 Qc4
34. Nd4 Re3 35. Qf2 h6 36. h4 Re1 37. Kg2 R1e3 38. Qf5 R3e4 39. Qg6 Re1 40. Rf2
Rf8 41. Kh3 Qc8+ 42. Nf5 Kh8 43. Qxg7# 1-0

[Event "XXVI Torneo B di Capodanno"]
[Site "Reggio nell'Emilia ITA"]
[Date "1983.12.26"]
[Round "3"]
[White "Huss, Andreas"]
[Black "Rajna, Gyorgy"]
[Result "1/2-1/2"]
[WhiteElo "2280"]
[BlackElo "2380"]
[PlyCount "106"]
[EventDate "1983.12.24"]

1. d4 Nf6 2. c4 c5 3. d5 e6 4. Nc3 exd5 5. cxd5 d6 6. e4 g6 7. Nf3 Bg7 8. Be2
O-O 9. O-O Re8 10. Nd2 Na6 11. f3 Nc7 12. a4 b6 13. Nc4 Ba6 14. Bg5 Qd7 15. Qd2
Bxc4 16. Bxc4 a6 17. Qd3 Nh5 18. g4 Nf6 19. Kh1 Rab8 20. Bxa6 Nxa6 21. Qxa6
Nxg4 22. Qb5 Qc8 23. Qc6 Qxc6 24. dxc6 Bxc3 25. bxc3 Ne5 26. c7 Rbc8 27. Bd8
Nc6 28. Rfb1 Nxd8 29. cxd8=Q Rexd8 30. Rxb6 Rb8 31. Rxb8 Rxb8 32. a5 Ra8 33.
Kg2 Kf8 34. f4 Ke7 35. Kf3 Ke6 36. c4 f6 37. h4 h6 38. h5 gxh5 39. f5+ Kd7 40.
a6 Kc7 41. Kg3 Kb6 42. a7 Rxa7 43. Rxa7 Kxa7 44. Kh4 Kb6 45. Kxh5 Ka5 46. Kg6
h5 47. Kxh5 Kb4 48. Kg6 Kxc4 49. Kxf6 Kd4 50. Ke6 c4 51. f6 c3 52. f7 c2 53.
f8=Q c1=Q 1/2-1/2

[Event "XXVI Torneo B di Capodanno"]
[Site "Reggio nell'Emilia ITA"]
[Date "1983.12.26"]
[Round "3"]
[White "Perenyi, Bela"]
[Black "Bertok, Mario"]
[Result "1-0"]
[WhiteElo "2335"]
[BlackElo "2390"]
[PlyCount "95"]
[EventDate "1983.12.24"]

1. e4 c6 2. d4 d5 3. Nc3 dxe4 4. Nxe4 Nf6 5. Nxf6+ gxf6 6. c3 Bf5 7. Ne2 e6 8.
Ng3 Bg6 9. h4 h6 10. Bd3 Bxd3 11. Qxd3 Nd7 12. Qf3 Qa5 13. Nh5 Qd5 14. Rh3 Rg8
15. Kf1 f5 16. b3 Rg4 17. Bf4 f6 18. c4 Qxf3 19. gxf3 Rg8 20. Rg3 Kf7 21. Ke2
Re8 22. Rxg8 Kxg8 23. Rg1+ Kf7 24. Bd6 b5 25. c5 e5 26. d5 cxd5 27. Bxf8 Rxf8
28. b4 Rg8 29. Rxg8 Kxg8 30. Ng3 Nb8 31. Nxf5 Nc6 32. a3 h5 33. Kd3 Kh7 34. Nd6
a6 35. Ne8 Kg6 36. Nc7 Nb8 37. Nxd5 Kf7 38. Ke4 Ke6 39. Ne3 Nc6 40. Nf5 a5 41.
bxa5 Nxa5 42. Ng7+ Kf7 43. Kd5 Kxg7 44. c6 Nc4 45. Kc5 Nxa3 46. c7 Nc2 47. c8=Q
Nd4 48. f4 1-0

[Event "XXVI Torneo B di Capodanno"]
[Site "Reggio nell'Emilia ITA"]
[Date "1983.12.26"]
[Round "3"]
[White "Wagman, Stuart"]
[Black "Martorelli, Antonio"]
[Result "1-0"]
[WhiteElo "2260"]
[BlackElo "2265"]
[PlyCount "53"]
[EventDate "1983.12.24"]

1. e4 c5 2. Nf3 e6 3. d4 cxd4 4. Nxd4 a6 5. Nc3 Qc7 6. Bd3 Nc6 7. Nxc6 bxc6 8.
O-O Nf6 9. Qe2 d6 10. b3 Be7 11. Bb2 O-O 12. Na4 d5 13. e5 Nd7 14. c4 f6 15.
cxd5 exd5 16. Qh5 g6 17. Bxg6 hxg6 18. Qxg6+ Kh8 19. f4 Bd8 20. Rf3 Qa7+ 21.
Kh1 Nxe5 22. Qh6+ Kg8 23. fxe5 Bg4 24. exf6 Bxf3 25. Qg6+ Kh8 26. f7+ d4 27.
Qh6# 1-0

[Event "XXVI Torneo B di Capodanno"]
[Site "Reggio nell'Emilia ITA"]
[Date "1983.12.27"]
[Round "4"]
[White "Berkell, Peder"]
[Black "Perenyi, Bela"]
[Result "1-0"]
[WhiteElo "2330"]
[BlackElo "2335"]
[PlyCount "75"]
[EventDate "1983.12.24"]

1. d4 Nf6 2. Nf3 g6 3. c4 Bg7 4. Nc3 O-O 5. e4 d6 6. Be2 c5 7. O-O Na6 8. d5
Nc7 9. h3 e5 10. Bg5 h6 11. Bxf6 Qxf6 12. a3 h5 13. b4 Na6 14. Rb1 Qf4 15. Ne1
f5 16. Nd3 Qh4 17. Bf3 b6 18. Qe2 Nc7 19. bxc5 bxc5 20. Nb5 Ne8 21. Rb2 Rb8 22.
Rfb1 Rb7 23. Nc3 Rbf7 24. Rb8 Nf6 25. Ra8 g5 26. g3 Qxh3 27. Bg2 Qg4 28. Bf3
fxe4 29. Bxg4 Bxg4 30. Rxf8+ Rxf8 31. Qe3 exd3 32. Qxd3 e4 33. Nxe4 Nxe4 34.
Qxe4 Bf5 35. Qe1 h4 36. Rb7 Bf6 37. g4 Bc8 38. Rc7 1-0

[Event "XXVI Torneo B di Capodanno"]
[Site "Reggio nell'Emilia ITA"]
[Date "1983.12.27"]
[Round "4"]
[White "Bertok, Mario"]
[Black "Gottardi, Gottardo"]
[Result "1-0"]
[WhiteElo "2390"]
[BlackElo "2225"]
[PlyCount "83"]
[EventDate "1983.12.24"]

1. d4 Nf6 2. c4 e6 3. Nf3 d5 4. g3 dxc4 5. Qa4+ Bd7 6. Qxc4 c5 7. dxc5 Na6 8.
b4 Nd5 9. a3 Be7 10. Bb2 O-O 11. Bg2 Nac7 12. Nc3 a5 13. O-O Nxc3 14. Qxc3 Bf6
15. Ne5 Nd5 16. Qb3 Bb5 17. Rfe1 axb4 18. axb4 Rxa1 19. Bxa1 Re8 20. Nd3 Bxa1
21. Rxa1 Qf6 22. Ra5 Nc3 23. Qb2 Rd8 24. Ra3 Nd5 25. Qxf6 gxf6 26. Bf3 Kg7 27.
Kf1 f5 28. Ra5 Bxd3 29. Bxd5 Rxd5 30. exd3 Rd4 31. Rb5 Rd7 32. f4 Kf6 33. Ke2
Ke7 34. d4 Kd8 35. Kd3 Kc7 36. Kc4 Rd8 37. Ra5 Kb8 38. b5 Kc7 39. Ra7 Kb8 40.
Ra2 Kc7 41. Ra7 Kb8 42. b6 1-0

[Event "XXVI Torneo B di Capodanno"]
[Site "Reggio nell'Emilia ITA"]
[Date "1983.12.27"]
[Round "4"]
[White "Koch, Robert"]
[Black "Wagman, Stuart"]
[Result "1-0"]
[WhiteElo "2260"]
[BlackElo "2260"]
[PlyCount "65"]
[EventDate "1983.12.24"]

1. d4 d5 2. Nf3 Nf6 3. Bg5 e6 4. Nbd2 Be7 5. e3 Nbd7 6. Bd3 c5 7. c3 O-O 8. O-O
h6 9. Bh4 Nh5 10. Bxe7 Qxe7 11. Ne5 Nhf6 12. f4 b6 13. Qf3 Bb7 14. Kh1 Nxe5 15.
fxe5 Nd7 16. Qh5 f5 17. g4 c4 18. Bc2 fxg4 19. Qxg4 Rxf1+ 20. Rxf1 Bc6 21. Bb1
Nf8 22. Rg1 b5 23. Nf1 a5 24. Ng3 Be8 25. Bc2 b4 26. e4 Bg6 27. Nf5 exf5 28.
exf5 Bxf5 29. Qxf5 bxc3 30. bxc3 Rb8 31. Qf3 Qf7 32. Bd1 Rb1 33. Qxf7+ 1-0

[Event "XXVI Torneo B di Capodanno"]
[Site "Reggio nell'Emilia ITA"]
[Date "1983.12.27"]
[Round "4"]
[White "Martorelli, Antonio"]
[Black "Huss, Andreas"]
[Result "1-0"]
[WhiteElo "2265"]
[BlackElo "2280"]
[PlyCount "141"]
[EventDate "1983.12.24"]

1. e4 e6 2. d4 d5 3. Nc3 Bb4 4. e5 b6 5. Qg4 Bf8 6. a4 Qd7 7. a5 f5 8. Qh5+ g6
9. Qd1 Bb7 10. a6 Bc8 11. Nf3 c6 12. Bd3 b5 13. Ne2 Nxa6 14. c3 Nc7 15. h4 Qg7
16. Nf4 Nh6 17. Rh3 Be7 18. Rg3 Ng4 19. Qc2 Bd7 20. Ng5 Kd8 21. b3 h6 22. Nf3
c5 23. h5 c4 24. bxc4 dxc4 25. Be2 g5 26. Ng6 a5 27. Ng1 Nd5 28. Bf3 Bc6 29.
Bxd5 Bxd5 30. f3 Nxe5 31. Nxe5 Bd6 32. f4 Kc7 33. Ne2 g4 34. Ba3 Bxa3 35. Rxa3
Rhb8 36. Re3 Qe7 37. Ra1 Qh4+ 38. Ng3 Qe7 39. Kf2 Rb6 40. Kg1 Kb7 41. Rae1 Qc7
42. Ng6 Ka6 43. Re5 Rd8 44. Nf1 Ka7 45. Ne3 Be4 46. Rxe4 fxe4 47. Qxe4 Qc6 48.
Qxc6 Rxc6 49. Nxg4 b4 50. N6e5 Rc7 51. Ra1 Kb6 52. Ne3 Kb5 53. Nc2 Rd5 54. Kf2
b3 55. Na3+ Ka6 56. g4 a4 57. Ke3 Rb5 58. Nexc4 b2 59. Rb1 Rb3 60. Kd3 Rg7 61.
Rg1 Rf7 62. Rf1 Rg7 63. g5 hxg5 64. h6 Rg6 65. Rh1 Rb8 66. Ne5 Rgg8 67. h7 Rh8
68. fxg5 Rb3 69. Nec4 Rb7 70. g6 Rg7 71. Ne5 1-0

[Event "XXVI Torneo B di Capodanno"]
[Site "Reggio nell'Emilia ITA"]
[Date "1983.12.28"]
[Round "5"]
[White "Bukal, Vladimir sr"]
[Black "Bertok, Mario"]
[Result "1/2-1/2"]
[WhiteElo "2440"]
[BlackElo "2390"]
[PlyCount "35"]
[EventDate "1983.12.24"]

1. e4 e5 2. Nf3 Nc6 3. Bc4 Bc5 4. d3 Nf6 5. c3 d6 6. b4 Bb6 7. Bb3 Qe7 8. Nbd2
a6 9. a4 Be6 10. Bxe6 fxe6 11. Nc4 Ba7 12. Be3 Bxe3 13. Nxe3 O-O 14. O-O h6 15.
Qe2 Qf7 16. Nd2 Qh5 17. Qxh5 Nxh5 18. g3 1/2-1/2

[Event "XXVI Torneo B di Capodanno"]
[Site "Reggio nell'Emilia ITA"]
[Date "1983.12.28"]
[Round "5"]
[White "Huss, Andreas"]
[Black "Koch, Robert"]
[Result "1/2-1/2"]
[WhiteElo "2280"]
[BlackElo "2260"]
[PlyCount "60"]
[EventDate "1983.12.24"]

1. d4 d5 2. c4 e6 3. Nf3 c5 4. cxd5 exd5 5. Nc3 Nc6 6. g3 Nf6 7. Bg2 Be7 8. O-O
O-O 9. dxc5 Bxc5 10. Bg5 d4 11. Bxf6 Qxf6 12. Nd5 Qd8 13. Nd2 a6 14. Rc1 Ba7
15. Nb3 Qd6 16. Nf4 Re8 17. Re1 Bf5 18. Nd3 Be4 19. Bxe4 Rxe4 20. Nbc5 Re7 21.
Qb3 Nd8 22. Rc2 Bxc5 23. Nxc5 Rc7 24. Rec1 Rac8 25. Nd3 Ne6 26. Rxc7 Rxc7 27.
Rxc7 Qxc7 28. Qa4 g6 29. h4 h5 30. Qb3 Qc6 1/2-1/2

[Event "XXVI Torneo B di Capodanno"]
[Site "Reggio nell'Emilia ITA"]
[Date "1983.12.28"]
[Round "5"]
[White "Rajna, Gyorgy"]
[Black "Martorelli, Antonio"]
[Result "0-1"]
[WhiteElo "2380"]
[BlackElo "2265"]
[PlyCount "100"]
[EventDate "1983.12.24"]

1. d4 Nf6 2. c4 g6 3. Nc3 Bg7 4. g3 O-O 5. Bg2 d6 6. Nf3 Nbd7 7. O-O e5 8. Qc2
Re8 9. Rd1 e4 10. Ng5 e3 11. fxe3 Nb6 12. b3 Ng4 13. e4 Bh6 14. h4 f6 15. Nh3
Be3+ 16. Kh1 c5 17. dxc5 Bxc5 18. Nb5 Qe7 19. Qc3 a6 20. Nd4 Nd7 21. Bf4 Nde5
22. Rf1 Bd7 23. a4 h6 24. Rad1 Rad8 25. Bc1 Nc6 26. Nc2 g5 27. b4 Ba7 28. b5
Qe5 29. Qf3 Nd4 30. Nxd4 Bxd4 31. hxg5 hxg5 32. Bxg5 Re7 33. Bf4 Qc5 34. e3 Be5
35. Rd5 Qxc4 36. Bxe5 Nxe5 37. Qxf6 Rde8 38. Ng5 axb5 39. axb5 Rg7 40. Rxd6 Qe2
41. Rxd7 Nxd7 42. Qf3 Qxb5 43. e5 Rxe5 44. Bh3 Rexg5 45. Be6+ Kh8 46. g4 Qe5
47. Bf5 Rxf5 48. Qxf5 Rh7+ 49. Kg2 Rh2+ 50. Kf3 Rh3+ 0-1

[Event "XXVI Torneo B di Capodanno"]
[Site "Reggio nell'Emilia ITA"]
[Date "1983.12.29"]
[Round "6"]
[White "Berkell, Peder"]
[Black "Bukal, Vladimir sr"]
[Result "1/2-1/2"]
[WhiteElo "2330"]
[BlackElo "2440"]
[PlyCount "25"]
[EventDate "1983.12.24"]

1. Nf3 Nf6 2. c4 c5 3. e3 g6 4. b3 Bg7 5. Bb2 O-O 6. d3 Nc6 7. a3 b6 8. Be2 Bb7
9. O-O d5 10. cxd5 Qxd5 11. Nbd2 Rfd8 12. Qb1 Ng4 13. Bxg7 1/2-1/2

[Event "XXVI Torneo B di Capodanno"]
[Site "Reggio nell'Emilia ITA"]
[Date "1983.12.29"]
[Round "6"]
[White "Bertok, Mario"]
[Black "Wagman, Stuart"]
[Result "1/2-1/2"]
[WhiteElo "2390"]
[BlackElo "2260"]
[PlyCount "102"]
[EventDate "1983.12.24"]

1. Nf3 Nf6 2. g3 g6 3. Bg2 Bg7 4. c4 O-O 5. Nc3 d6 6. d4 Nc6 7. O-O a6 8. h3
Rb8 9. Be3 b5 10. cxb5 axb5 11. d5 Na5 12. Ba7 Ra8 13. Bd4 b4 14. Na4 Bb7 15.
Ne1 c5 16. dxc6 Bxc6 17. Rc1 Bxg2 18. Kxg2 Qd7 19. Nf3 Qb7 20. b3 e5 21. Bb2
Ne4 22. Kh2 Bh6 23. e3 f5 24. Qe2 Rf7 25. Nd2 f4 26. exf4 Rxf4 27. Rc2 Nxd2 28.
Qxd2 Rc4 29. Qe2 Rxc2 30. Qxc2 Rc8 31. Qd3 Qc6 32. Kg1 Nb7 33. Re1 Nc5 34. Nxc5
Qxc5 35. Re2 Bc1 36. Bxc1 Qxc1+ 37. Kg2 Qc6+ 38. Kh2 Rf8 39. Rd2 Rf3 40. Qc4+
Qxc4 41. bxc4 Rc3 42. Rxd6 Rxc4 43. Rb6 Rc2 44. Kg1 Rxa2 45. Rxb4 Ra8 46. Rb7
Re8 47. Kf1 Kf8 48. Ke2 h6 49. Ke3 Re7 50. Rb5 Kf7 51. Ke4 Kf6 1/2-1/2

[Event "XXVI Torneo B di Capodanno"]
[Site "Reggio nell'Emilia ITA"]
[Date "1983.12.29"]
[Round "6"]
[White "Koch, Robert"]
[Black "Rajna, Gyorgy"]
[Result "0-1"]
[WhiteElo "2260"]
[BlackElo "2380"]
[PlyCount "98"]
[EventDate "1983.12.24"]

1. d4 Nf6 2. Nf3 g6 3. Bf4 Bg7 4. e3 O-O 5. h3 c5 6. Nbd2 b6 7. Be2 Bb7 8. O-O
d6 9. c3 Nbd7 10. a4 Qc7 11. Qb3 Ne4 12. Nxe4 Bxe4 13. Ng5 Bb7 14. Bc4 e6 15.
Bg3 Nf6 16. Rfd1 Nh5 17. Bh2 Qe7 18. Nf3 Bxf3 19. gxf3 Qg5+ 20. Kh1 Qh4 21. Kg2
Qg5+ 22. Kh1 Qf5 23. Kg2 d5 24. Be2 c4 25. Qa2 Qg5+ 26. Kh1 Qh4 27. Kg2 f5 28.
f4 Qe7 29. Bg3 Rac8 30. b3 cxb3 31. Qxb3 Qb7 32. a5 Nf6 33. axb6 Qxb6 34. Qxb6
axb6 35. Rdc1 Ne4 36. Ra6 Rxc3 37. Rb1 Nxg3 38. Kxg3 Bxd4 39. Kg2 Bc5 40. Rba1
Rf7 41. Ra7 h6 42. Bb5 g5 43. Bd7 Re7 44. Rc7 gxf4 45. exf4 Rc2 46. Re1 Rxf2+
47. Kg3 Rg7+ 48. Kh4 Rxf4+ 49. Kh5 Kh7 0-1

[Event "XXVI Torneo B di Capodanno"]
[Site "Reggio nell'Emilia ITA"]
[Date "1983.12.29"]
[Round "6"]
[White "Perenyi, Bela"]
[Black "Gottardi, Gottardo"]
[Result "1-0"]
[WhiteElo "2335"]
[BlackElo "2225"]
[PlyCount "37"]
[EventDate "1983.12.24"]

1. e4 e6 2. d4 b6 3. Nf3 Bb7 4. Bd3 c5 5. c3 Nf6 6. Nbd2 Be7 7. O-O O-O 8. Re1
d6 9. Nf1 Nbd7 10. Ng3 h6 11. Bd2 Rc8 12. d5 Ne5 13. Nxe5 dxe5 14. c4 b5 15.
Bc3 bxc4 16. Bxc4 exd5 17. exd5 Nxd5 18. Bxe5 Nb6 19. Qg4 1-0

[Event "XXVI Torneo B di Capodanno"]
[Site "Reggio nell'Emilia ITA"]
[Date "1983.12.30"]
[Round "7"]
[White "Bukal, Vladimir sr"]
[Black "Perenyi, Bela"]
[Result "0-1"]
[WhiteElo "2440"]
[BlackElo "2335"]
[PlyCount "56"]
[EventDate "1983.12.24"]

1. c4 g6 2. Nc3 Bg7 3. g3 c5 4. Bg2 Nc6 5. e3 e5 6. Nge2 Nge7 7. a3 O-O 8. Rb1
a6 9. b4 cxb4 10. axb4 b5 11. cxb5 axb5 12. d4 exd4 13. exd4 d5 14. O-O Bf5 15.
Rb3 Ra1 16. Nxb5 Qb6 17. Nbc3 Nxd4 18. Nxd4 Bxd4 19. Qf3 Rc8 20. Be3 Rxf1+ 21.
Bxf1 Bxe3 22. fxe3 Bc2 23. Ra3 Qxb4 24. Nb5 Bf5 25. Qf4 Qxf4 26. gxf4 Rc2 27.
Ra7 Nc6 28. Rc7 Rc1 0-1

[Event "XXVI Torneo B di Capodanno"]
[Site "Reggio nell'Emilia ITA"]
[Date "1983.12.30"]
[Round "7"]
[White "Huss, Andreas"]
[Black "Bertok, Mario"]
[Result "1/2-1/2"]
[WhiteElo "2280"]
[BlackElo "2390"]
[PlyCount "31"]
[EventDate "1983.12.24"]

1. d4 d5 2. c4 dxc4 3. Nf3 a6 4. e3 Nf6 5. Bxc4 e6 6. a4 c5 7. O-O Nc6 8. Qe2
cxd4 9. Rd1 Be7 10. exd4 O-O 11. Nc3 Nb4 12. Ne5 b6 13. Ne4 Bb7 14. Nxf6+ Bxf6
15. Ra3 Bd5 16. Bf4 1/2-1/2

[Event "XXVI Torneo B di Capodanno"]
[Site "Reggio nell'Emilia ITA"]
[Date "1983.12.30"]
[Round "7"]
[White "Martorelli, Antonio"]
[Black "Koch, Robert"]
[Result "1-0"]
[WhiteElo "2265"]
[BlackElo "2260"]
[PlyCount "47"]
[EventDate "1983.12.24"]

1. e4 c5 2. Nc3 e6 3. Nf3 d6 4. d4 cxd4 5. Nxd4 Nf6 6. f4 a6 7. Be2 Qb6 8. a4
e5 9. Nb3 Be6 10. a5 Qc6 11. O-O Nbd7 12. f5 Bc4 13. Bxc4 Qxc4 14. Ra4 Qc6 15.
Qe2 Rc8 16. Rd1 Be7 17. Kh1 Nc5 18. Rc4 b5 19. axb6 Qxb6 20. Bg5 Qb7 21. Bxf6
gxf6 22. Nxc5 dxc5 23. b3 h5 24. Ra4 1-0

[Event "XXVI Torneo B di Capodanno"]
[Site "Reggio nell'Emilia ITA"]
[Date "1983.12.30"]
[Round "7"]
[White "Wagman, Stuart"]
[Black "Berkell, Peder"]
[Result "1/2-1/2"]
[WhiteElo "2260"]
[BlackElo "2330"]
[PlyCount "33"]
[EventDate "1983.12.24"]

1. e4 c5 2. Nf3 e6 3. d4 cxd4 4. Nxd4 Nf6 5. Nc3 d6 6. Be2 a6 7. O-O Qc7 8. f4
Be7 9. Kh1 Nc6 10. Be3 O-O 11. Qe1 Nxd4 12. Bxd4 b5 13. a3 Bb7 14. Qg3 Bc6 15.
Rae1 Rac8 16. Bd3 e5 17. fxe5 1/2-1/2

[Event "XXVI Torneo B di Capodanno"]
[Site "Reggio nell'Emilia ITA"]
[Date "1983.12.31"]
[Round "8"]
[White "Berkell, Peder"]
[Black "Huss, Andreas"]
[Result "0-1"]
[WhiteElo "2330"]
[BlackElo "2280"]
[PlyCount "86"]
[EventDate "1983.12.24"]

1. d4 Nf6 2. Nf3 e6 3. c4 b6 4. e3 Bb7 5. Bd3 d5 6. O-O Bd6 7. Nc3 O-O 8. Qe2
Ne4 9. cxd5 exd5 10. Nb5 Be7 11. Nd2 Nd7 12. f3 Nxd2 13. Bxd2 a6 14. Nc3 c5 15.
Rad1 Re8 16. Qf2 Bh4 17. g3 Bf6 18. Ne2 b5 19. Bb1 a5 20. dxc5 Bxb2 21. Nd4
Nxc5 22. Bxa5 Bxd4 23. exd4 Rxa5 24. dxc5 g6 25. Qd4 Ra4 26. Qb2 Qa5 27. Rc1
Bc6 28. Qc3 Qa7 29. Qf6 Re6 30. Qd8+ Kg7 31. f4 Rc4 32. Rxc4 bxc4 33. f5 Qxc5+
34. Kg2 d4+ 35. Kh3 Rf6 36. Rf4 d3 37. Qd4 Qxd4 38. Rxd4 gxf5 39. g4 Bb5 40.
Rd5 fxg4+ 41. Kxg4 Ba6 42. a4 Rf1 43. Ba2 c3 0-1